LEADER 01309nam 2200349Ia 450 001 996385305603316 005 20200824132225.0 035 $a(CKB)4940000000074613 035 $a(EEBO)2248528427 035 $a(OCoLC)ocm12018797e 035 $a(OCoLC)12018797 035 $a(EXLCZ)994940000000074613 100 $a19850510d1661 uy | 101 0 $aeng 135 $aurbn||||a|bb| 200 14$aThe banner of love, under which the Royal Army is preserved, and safely conducted$b[electronic resource] $ebeing a clear and perfect way out of wars & contentions : with a short testimony unto the way of peace, given forth for the edification and comfort of all that truly fear God /$fwritten by ... William Smith 210 $aLondon $cPrinted for Robert Wilson ...$d1661 215 $a23, [2] p 300 $aReproduction of original in Duke University Library. 300 $aSigned at end: William Smith. 330 $aeebo-0040 606 $aSociety of Friends 615 0$aSociety of Friends. 700 $aSmith$b William$fd. 1673.$0845826 801 0$bEAA 801 1$bEAA 801 2$bm/c 801 2$bWaOLN 906 $aBOOK 912 $a996385305603316 996 $aThe banner of love, under which the Royal Army is preserved, and safely conducted$92422510 997 $aUNISA LEADER 02423nam 22006614a 450 001 9910778969303321 005 20230607212738.0 010 $a1-280-92284-2 010 $a9786610922840 010 $a0-9771320-0-5 010 $a0-585-38336-7 035 $a(CKB)111026477839790 035 $a(EBL)225693 035 $a(OCoLC)61493412 035 $a(SSID)ssj0000112712 035 $a(PQKBManifestationID)11129268 035 $a(PQKBTitleCode)TC0000112712 035 $a(PQKBWorkID)10098355 035 $a(PQKB)11436080 035 $a(SSID)ssj0000081805 035 $a(PQKBManifestationID)11119271 035 $a(PQKBTitleCode)TC0000081805 035 $a(PQKBWorkID)10134856 035 $a(PQKB)11778142 035 $a(MiAaPQ)EBC225693 035 $a(Au-PeEL)EBL225693 035 $a(CaPaEBR)ebr10075763 035 $a(EXLCZ)99111026477839790 100 $a20020110d2001 uy 0 101 0 $aeng 135 $aur|n|---||||| 181 $ctxt 182 $cc 183 $acr 200 10$aBizet's Carmen$b[electronic resource] /$fedited by Burton D. Fisher 210 $aCoral Gables, Fla. $cOpera Journeys Pub.$dc2001 215 $a1 online resource (116 p.) 225 1 $aOpera classics library 300 $aLibretto by Henri Meilhac and Ludovic Hale?vy, after the novella by Prosper Me?rime?e. 311 $a1-930841-47-7 327 $aCommentary and analysis -- Principal characters in Carmen -- Brief story synopsis -- Story narrative : with music highlight examples -- Libretto : with music highlight examples -- Discography -- Videography -- Dictionary of opera and musical terms. 330 $aA comprehensive guide to Bizet's CARMEN, featuring insightful and in depth Commentary and Analysis, a complete, newly translated Libretto with French/English side-by side, and over 30 music highlight examples. 410 0$aOpera classics library. 606 $aOperas$vLibrettos 615 0$aOperas 676 $a782.1/0268 700 $aBizet$b Georges$f1838-1875.$0483255 701 $aFisher$b Burton D$01472436 701 $aMeilhac$b Henri$f1831-1897.$01574954 701 $aHale?vy$b Ludovic$f1834-1908.$0470602 701 $aMe?rime?e$b Prosper$f1803-1870.$0390577 801 0$bMiAaPQ 801 1$bMiAaPQ 801 2$bMiAaPQ 906 $aBOOK 912 $a9910778969303321 996 $aBizet's Carmen$93851561 997 $aUNINA